Jednání jak úspěšně vyjednávat

Gespeichert in:
Bibliographische Detailangaben
1. Verfasser: Schott, Barbara
Weitere Verfasser: Spáčil, Dušan
Format: Buch
Sprache:Tschechisch
Veröffentlicht: Praha Grada Publishing 2003
Schriftenreihe:Poradce pro praxi
Schlagworte:
Tags: Tag hinzufügen
Keine Tags, Fügen Sie das erste Tag hinzu!

MARC

LEADER 00000nam a2200000 4500
001 c142565
005 20221124084744.8
020 |a 80-247-0412-9 
041 0 |a cze 
044 |a CZ 
245 1 0 |a Jednání  |b jak úspěšně vyjednávat  |c Barbara Schott ; [preklad: Dušan Spáčil] 
264 1 |a Praha  |b Grada Publishing  |c 2003 
300 |a 91 s. 
490 1 |a Poradce pro praxi 
830 0 |a Poradce pro praxi 
610 2 0 |a vyjednávanie 
610 2 0 |a komunikácia 
610 2 0 |a ciele podnikové 
610 2 0 |a partneri obchodní 
610 2 0 |a poradenstvo 
610 2 0 |a psychológia 
100 1 |a Schott, Barbara 
700 1 |a Spáčil, Dušan